World Cities Based On First 2 Letters - Statistics

General Stats
  • This quiz has been taken 32 times
  • The average score is 14 of 15
Answers on the Map
Answers color-coded by a green-red scale on the quiz's map according to % correct below.
 
Answer Stats
Hint Answer % Correct
Os Oslo
100%
Ba Barcelona
97%
Lo London
97%
Lo Los Angeles
97%
Mo Moscow
97%
Pa Paris
97%
Sy Sydney
97%
To Tokyo
97%
Ca Cape Town
93%
Pr Prague
93%
Je Jerusalem
90%
Ri Rio de Janeiro
90%
Sh Shanghai
90%
Bu Budapest
86%
Mo Montreal
79%
No matching quizzes found
Score Distribution
Percent of People with Each Score
Percentile by Number Answered
Your Score History
You have not taken this quiz